000
00266nam a2200121Ia 4500
008
190216s9999||||xx |||||||||||||| ||und||
100
_a
Null
245
0
_a
Hindi-Tidyu Ke Rehasya
260
_b
Pragathi Prakashan
300
_a
130
650
_a
Hindi
942
_c
BK
999
_c
15645
_d
15645